[Event "Northwest FR-ch"]
[Site "St Petersburg"]
[Date "2008.03.21"]
[Round "1"]
[White "Uliashov, Dmitriy"]
[Black "Dementyev, Oleg"]
[Result "1-0"]
[WhiteElo "2256"]
[BlackElo "1980"]
[PlyCount "67"]
[EventDate "2008.03.21"]
[EventType "swiss"]
[EventRounds "9"]
[EventCountry "RUS"]
[SourceTitle "EXT 2022"]
[Source "ChessBase"]
[SourceDate "2021.10.06"]
[SourceVersion "1"]
[SourceVersionDate "2021.10.06"]
[SourceQuality "1"]

1. e4 c5 2. Nf3 Nc6 3. d4 cxd4 4. Nxd4 e5 5. Nb5 a6 6. Nd6+ Bxd6 7. Qxd6 Qf6 8. Qd1 Qg6 9. Nc3 d5 10. Nxd5 Qxe4+ 11. Ne3 Be6 12. Bd3 Qh4 13. c3 Nge7 14. g3 Qf6 15. Ng4 Bxg4 16. Qxg4 Qd6 17. Qxg7 0-0-0 18. Bc2 f5 19. Qh6 Qd5 20. 0-0 Rd6 21. Bb3 Rxh6 22. Bxd5 Rd6 23. Bg2 Ng6 24. h4 h5 25. Bg5 Rf8 26. Rad1 Rxd1 27. Rxd1 Kc7 28. Rd5 e4 29. f3 f4 30. fxe4 fxg3 31. Rf5 Re8 32. Bf3 Nge7 33. Rf7 Kd6 34. Bxh5 1-0